| 000 | 00607nam a2200193Ia 4500 | ||
|---|---|---|---|
| 003 | GCL | ||
| 008 | 140319s9999 xx 000 0 ara d | ||
| 040 |
_aGCL / _cGCL |
||
| 082 | 0 | 4 |
_a624.1 _bم ر |
| 100 | 1 | _aمحمود حسنى عبدالرحيم | |
| 245 | 1 | 0 |
_aالرسم المدنى / _cمحمود حسنى عبدالرحيم |
| 700 | 1 | _aمحمد رشاد الدين مصطفى حسين | |
| 260 |
_a[S.N] : _bدار الراتب الجامعية |
||
| 490 | _a | ||
| 650 | 0 | 4 | _aالهندسة |
| 650 | 0 | 4 | _aالهندسة المدنية |
| 650 | 0 | 4 | _aالرسم الهندسى |
| 942 |
_2ddc _cBK |
||
| 999 |
_c49813 _d49813 |
||